100 Biggest Cities in Arizona on a Map - Statistics

General Stats
  • This quiz has been taken 644 times
  • The average score is 33 of 100
Answers on the Map
Answers color-coded by a green-red scale on the quiz's map according to % correct below.
 
Answer Stats
Populations City % Correct
1,608,139 Phoenix
97%
542,629 Tucson
95%
504,258 Mesa
93%
76,831 Flagstaff
91%
95,548 Yuma
88%
241,361 Scottsdale
87%
180,587 Tempe
87%
275,987 Chandler
86%
267,918 Gilbert
85%
248,325 Glendale
85%
143,148 Surprise
77%
190,985 Peoria
76%
57,144 Lake Havasu City
74%
45,827 Prescott
70%
91,502 Buckeye
67%
95,294 Goodyear
67%
58,125 Maricopa
66%
53,658 Casa Grande
56%
41,348 Bullhead City
55%
46,785 Prescott Valley
55%
32,689 Kingman
54%
19,770 Nogales
54%
9,684 Sedona
54%
89,334 Avondale
51%
45,308 Sierra Vista
48%
59,519 Queen Creek
46%
38,499 Apache Junction
45%
51,908 Marana
43%
47,070 Oro Valley
42%
7,440 Page
41%
39,931 Sun City
41%
7,249 Globe
40%
99,894 San Tan Valley
40%
16,534 Douglas
36%
9,005 Winslow
36%
35,257 San Luis
33%
16,351 Payson
30%
4,923 Bisbee
29%
11,732 Show Low
29%
7,551 Catalina
28%
26,785 Florence
27%
8,072 Tuba City
27%
70,973 Casas Adobes
26%
52,401 Catalina Foothills
26%
4,858 Holbrook
26%
6,104 Snowflake
25%
25,806 Sun City West
25%
7,474 Wickenburg
25%
12,029 Cottonwood
23%
35,805 El Mirage
23%
10,129 Safford
23%
34,134 Sahuarita
23%
13,218 Coolidge
22%
12,658 Paradise Valley
22%
9,868 Arizona City
20%
14,197 Somerton
20%
7,216 Tolleson
20%
5,355 Benson
19%
15,635 Eloy
19%
23,820 Fountain Hills
19%
22,616 Green Valley
19%
4,892 Cave Creek
18%
5,322 Guadalupe
18%
6,847 Litchfield Park
18%
23,190 Anthem
17%
4,670 Kayenta
17%
12,147 Camp Verde
15%
16,190 Fort Mohave
15%
27,776 Fortuna Foothills
15%
20,549 Rio Rico
15%
13,020 Chino Valley
14%
27,523 Drexel Heights
14%
5,231 Thatcher
14%
16,250 Tanque Verde
13%
13,604 Vail
13%
17,290 New River
12%
14,428 Sierra Vista Southeast
12%
14,868 Sun Lakes
12%
12,069 Tucson Estates
12%
8,801 Golden Valley
11%
7,056 Youngtown
11%
5,194 Citrus Park
10%
15,657 Flowing Wells
10%
9,551 Picture Rocks
10%
6,128 Village of Oak Creek (Big Park)
10%
5,569 Avra Valley
9%
5,910 Doney Park
9%
5,567 Paulden
9%
12,574 Saddlebrooke
9%
4,724 Summit
9%
5,184 Three Points
9%
6,196 Williamson
9%
9,240 Corona de Tucson
8%
11,404 Gold Canyon
8%
5,111 Lake Montezuma
8%
12,907 New Kingman-Butler
8%
12,019 Verde Village
8%
14,101 Valencia West
7%
5,612 Rincon Valley
6%
10,862 Tucson Mountains
4%
No matching quizzes found
Score Distribution
Percent of People with Each Score
Percentile by Number Answered
Your Score History
You have not taken this quiz